| 000 | 00385cam a2200145ua 4500 | ||
|---|---|---|---|
| 041 |
_aeng _h |
||
| 082 |
_a028.7169 _bALL/PR |
||
| 100 | _aAllen, Edward . | ||
| 245 |
_aProfessional handbook of building construction / _cEdward Allen. _hTextual Documents |
||
| 260 |
_aNew York : _bJohn Wiley & Sons , _c1985. |
||
| 300 | _a743 ; . | ||
| 504 | _a | ||
| 942 | _cBK | ||
| 999 |
_c7037 _d7037 |
||